| 000 | 00705cam a2200277 4500 | ||
|---|---|---|---|
| 008 | 000000n1998 000 0 eng u | ||
| 020 | _a185811165X | ||
| 035 | _a(Sirsi) u105938 | ||
| 050 | _a346.4104343 | ||
| 100 | _aLuxton, Peter | ||
| 245 | _aCommercial leases. | ||
| 260 |
_aBirmingham _bCLT Professional Publishing _c1998 |
||
| 300 | _axlviii, 427p. ; 24cm. | ||
| 350 | _a92.00 | ||
| 650 | _aCOMMERCIAL LEASES | ||
| 650 | _aRENT REVIEWS | ||
| 650 | _aLAW | ||
| 650 | _aCONVEYANCING | ||
| 650 | _aREPAIRS | ||
| 650 | _aSERVICE CHARGES | ||
| 650 | _aFORFEITURE | ||
| 650 |
_aInsolvency _96247 |
||
| 690 |
_aLandlord and tenant _96252 |
||
| 700 | _aWilkie, Margaret | ||
| 942 | _n0 | ||
| 999 |
_c100503 _d100503 |
||